000 00464nam a2200157 a 4500
001 000031337
005 20200930062847.0
008 110620s1916 dr a 000 | spa d
040 _aDO-SdBNP
_bspa
_cBNPHU
082 _axxx
_bP293a
100 1 _aPastor Ríos, Justo
_957780
245 1 0 _aAmor filiar :
_bcarta a una hermana /
_cJusto Pastor Ríos.
260 _aSanto Domingo :
_bTipografía La Estrella,
_c1916.
300 _a8 p. :
_bil. ;
_c22 cm.
049 _aBNPD
999 _c30829
_d30829